Evolution of the British Welfare State (Record no. 1190733)

MARC details
000 -LEADER
fixed length control field 00780nam a2200277Ia 4500
003 - CONTROL NUMBER IDENTIFIER
control field OSt
005 - DATE AND TIME OF LATEST TRANSACTION
control field 20221007110446.0
008 - FIXED-LENGTH DATA ELEMENTS--GENERAL INFORMATION
fixed length control field 221006b |||||||| |||| 00| 0 eng d
020 ## - INTERNATIONAL STANDARD BOOK NUMBER
International Standard Book Number 333111826
037 ## - SOURCE OF ACQUISITION
Terms of availability Textual
040 ## - CATALOGING SOURCE
Original cataloging agency LCO
Transcribing agency LCO
Language of cataloging eng
041 ## - LANGUAGE CODE
Source of code eng
Language code of text/sound track or separate title eng
100 ## - MAIN ENTRY--PERSONAL NAME
Personal name Fraser Derek
245 #0 - TITLE STATEMENT
Title Evolution of the British Welfare State
250 ## - EDITION STATEMENT
Edition statement 1st
260 ## - PUBLICATION, DISTRIBUTION, ETC.
Place of publication, distribution, etc. London
Name of publisher, distributor, etc. The Macmillan Press Ltd. U.K.
Date of publication, distribution, etc. 1973
300 ## - PHYSICAL DESCRIPTION
Extent 299
500 ## - GENERAL NOTE
General note A History of Social Policy since the Industrial Revolution
650 ## - SUBJECT ADDED ENTRY--TOPICAL TERM
Topical term or geographic name entry element BRITISH WELFARE STATE
9 (RLIN) 707497
942 ## - ADDED ENTRY ELEMENTS (KOHA)
Classification part Y38:1:7.3'M30, L3
Koha item type Textual
Holdings
Withdrawn status Lost status Damaged status Not for loan Home library Current library Date acquired Total Checkouts Full call number Barcode Date last seen Price effective from Koha item type
        Law Centre-I Library Law Centre-I Library 2022-10-07   Y38:1:7.3'M30 L3 LO0006779 2022-10-07 2022-10-07 Textual
Copyright @ Delhi University Library System